00511nam a22001457a 4500008004100000020001800041082001300059110002400072245009400096260004800190300001200238942001200250999001300262952009000275230602b xxu||||| |||| 00| 0 eng d a9780844495279 a027bLOC bLibrary of Congress aAnnual Report of The Librarian of Congressbfor the fiscal year ending September 30, 2010 aWashington, D.C.bLibrary of Congressc2011 aXII,69p 2ddccBK c141d141 00102ddc4070a001b001d2023-06-02l0o027 LOCp100007r2023-06-02w2023-06-02yBK